LEADER 04085oam 2200745I 450 001 9910783826003321 005 20230617005937.0 010 $a1-134-57389-8 010 $a1-134-57390-1 010 $a1-138-16872-6 010 $a0-203-38038-X 010 $a1-280-07230-X 010 $a9786610072309 024 7 $a10.4324/9780203380383 035 $a(CKB)1000000000253259 035 $a(EBL)180428 035 $a(OCoLC)475887315 035 $a(SSID)ssj0000308145 035 $a(PQKBManifestationID)11239981 035 $a(PQKBTitleCode)TC0000308145 035 $a(PQKBWorkID)10270413 035 $a(PQKB)11022879 035 $a(MiAaPQ)EBC180428 035 $a(Au-PeEL)EBL180428 035 $a(CaPaEBR)ebr10305694 035 $a(CaONFJC)MIL7230 035 $a(OCoLC)54666265 035 $a(EXLCZ)991000000000253259 100 $a20180706d2003 uy 0 101 0 $aeng 135 $aur|n|---||||| 181 $ctxt 182 $cc 183 $acr 200 10$aReporting in counselling and psychotherapy $ea trainee's guide to preparing case studies and reports /$fLinda Papadopoulos, Malcolm C. Cross and Robert Bor 210 1$aHove, East Sussex ;$aNew York :$cRoutledge,$d2003. 215 $a1 online resource (241 p.) 300 $aDescription based upon print version of record. 311 $a0-203-38887-9 311 $a0-415-23194-9 320 $aIncludes bibliographical references and index. 327 $aA first session using the systemic approach -- CBT as applied to anxiety: a process report -- Achieving growth and change through the application of an integrative theoretical approach to address multiple client difficulties -- Locating the locus of evaluation: the subtle processes of person-centred counselling -- The use of CBT with complex client issues: accessing schemas -- Walking back to happiness: a couple's incongruent perception of chronic illness -- Treating the family: a process report on systemic therapy -- A case study of an intervention with a client suffering from intrusive thoughts and traumatic grief -- REBT: the case of Richard -- Using CBT to address guilt over sexual fantasies: a process report -- Treating co-morbidity in an NHS context: a CBT approach -- Historical truths versus a sense of integrity: developing a frame of mind to enable letting go -- Depression: a case study -- Working with children: a communicative approach -- Substance abuse: treatment using personal construct psychology -- When things go the therapist's way: the case of Sarah -- Client case study: a first attempt at psychodynamic individual therapy -- How not to write a client report: discussing common errors a trainee makes. 330 $aTrainee therapists need to show practical competence through the production of client reports and case studies. Reporting in Counselling and Psychotherapy is a unique hands-on guide to this element of practical work. Using clinical examples to guide the reader, and a detailed analysis of case study and process report writing, it will show how to present clear, concise and properly presented reports. The book will be an invaluable tool, not only for those embarking on practical training in psychotherapy, counselling and psychology, but also for trainers in these areas and for clinician 606 $aPsychiatry$xAuthorship 606 $aPsychiatry$vCase studies 606 $aReport writing 606 $aNeuropsychological report writing 606 $aPsychiatric records 615 0$aPsychiatry$xAuthorship. 615 0$aPsychiatry 615 0$aReport writing. 615 0$aNeuropsychological report writing. 615 0$aPsychiatric records. 676 $a808/.066152 686 $a77.72$2bcl 700 $aPapadopoulos$b Linda.$01509977 701 $aBor$b Robert$0312844 701 $aCross$b Malcolm C.$f1966-$01509978 801 0$bMiAaPQ 801 1$bMiAaPQ 801 2$bMiAaPQ 906 $aBOOK 912 $a9910783826003321 996 $aReporting in counselling and psychotherapy$93742242 997 $aUNINA LEADER 03467nam0 22006733i 450 001 TO0E021806 005 20251003044413.0 012 $ai-io e-n- idos tune (3) 1541 (A)$2fei 100 $a20070925d1541 ||||0itac50 ba 101 | $alat$cgrc 102 $afr 181 1$6z01$ai $bxxxe 182 1$6z01$an 183 1$6z01$anc$2RDAcarrier 200 1 $aOdysseæ Homeri libri 24. Raphaele Regio Volaterrano interprete. Eiusdem Batrachomyomachia, Aldo Manutio: & Hymni Deorum, Iodoco Velaraeo interpretib. Item, Herodoti Halicarnassei libellus de uita Homeri, per Conradum Heresbachium Latinitate donatus 210 $aLugduni$capud Seb. Gryphium$d1541 215 $a391, [9! p.$d8º 300 $aNel titolo il numero 24 è espresso: XXIIII 300 $aMarca (L8045) sul front. e (S214) in fine 300 $aCors. ; gr. ; rom 300 $aIniziali xil. ornate e figurate su fondo nero 300 $aSegn.: 2a-2z8 2A-2B8. 316 $a1 v. - Legato con Ilias..., Lugduni, 1541 e con Derelictorum ab Homero..., Lugduni, 1541$5IT-BN0095 , ANT FONDO RARI 19 500 10$aBatrachomyomachia.$3BVEE004344$9CFIV018814$920798 500 10$aOdyssea$3TO0E003859$9CFIV018814$917636 517 1 $aOdysseæ Homeri libri XXIIII. Raphaele regio Volaterrano interprete. Eiusdem ...$9RMLE012993 620 $aFR$dLione$3RLZL001494 700 0$aHomerus$3CFIV018814$4070$0155559 702 1$aMaffei$b, Raffaele$f <1451-1522>$3BVEV018050 702 1$aManuzio$b, Aldo$f <1452?-1515>$3BVEV021775 702 1$aValareus$b, Iodocus$f <1539ca.fl.>$3BVEV027581 712 02$aGryphius, Sébastien$3BVEV017233$4650 790 1$aMaffejus$b, Raphael : Volaterranus$3BVEV018053$zMaffei, Raffaele <1451-1522> 790 0$aRaphael : Volaterranus$3BVEV018056$zMaffei, Raffaele <1451-1522> 790 0$aRaffaele : da Volterra$3MUSV053997$zMaffei, Raffaele <1451-1522> 790 1$aVolateranus$b, Raphael$3MUSV068058$zMaffei, Raffaele <1451-1522> 790 1$aManuzio$b, Aldo Pio$3BVEV023695$zManuzio, Aldo <1452?-1515> 790 1$aManuzio$b, Aldo$c $3SIPV063246$zManuzio, Aldo <1452?-1515> 790 0$aHomer$3AQ1V000332$zHomerus 790 0$aOmero$f $3CFIV023921$zHomerus 790 0$aGomer$3CFIV190232$zHomerus 790 0$aOmçros$3CFIV200481$zHomerus 790 0$aHomirus$3IEIV076086$zHomerus 790 0$aHom?ros$3SBNV037875$zHomerus 790 0$aHomère$3UFIV121655$zHomerus 791 02$aGriffio, Sebastiano$3UBOV685829$zGryphius, Sébastien 791 02$aGryphius, Sebastianus$3UBOV685831$zGryphius, Sébastien 791 02$aGrifi, Sebastien$3UBOV685832$zGryphius, Sébastien 801 3$aIT$bIT-000000$c20070925 850 $aIT-BN0095 901 $bNAP 01$cANT $n$ 912 $aTO0E021806 921 $aBVEM000416$bGrifone passante, appoggiato su tre zampe, con la sinistra anteriore sollevata$cS214$dIn fine 921 $aBVEM000750$bGrifone che solleva una sfera alata incatenata ad un peso. Motto: Virtute duce, comite fortuna$cL80453$dSul front 950 0$aBiblioteca Centralizzata di Ateneo$c1 esemplare$d 01ANT FONDO RARI 19$e 01 0000120565 VMA (0002 1 v. - Legato con Ilias..., Lugduni, 1541 e con Derelictorum ab Homero..., Lugduni, 1541$fB $h20230721$i20230725 977 $a 01$a 28 996 $aOdyssea$917636 996 $aBatrachomyomachia$920798 997 $aUNISANNIO